US territories and states - Statistics

General Stats
  • This quiz has been taken 79 times
  • The average score is 46 of 56
Answer Stats
Hint Answer % Correct
California
94%
Alabama
92%
Alaska
90%
New York
90%
Georgia
88%
Kentucky
88%
Maine
88%
Michigan
88%
New Jersey
88%
New Mexico
88%
North Carolina
88%
North Dakota
88%
Puerto Rico
88%
South Carolina
88%
South Dakota
88%
Texas
88%
Arizona
86%
Arkansas
86%
Colorado
86%
Hawaii
86%
Iowa
86%
Mississippi
86%
Montana
86%
Virginia
86%
Florida
84%
Illinois
84%
Kansas
84%
Massachusetts
84%
New Hampshire
84%
Oregon
84%
Washington
84%
Delaware
82%
Indiana
82%
Louisiana
82%
Nebraska
82%
Nevada
82%
Ohio
82%
Utah
82%
Vermont
82%
Wyoming
82%
Guam
80%
Idaho
80%
Maryland
80%
Oklahoma
80%
West Virginia
80%
Wisconsin
80%
Missouri
78%
Tennessee
78%
Connecticut
76%
Minnesota
76%
Pennsylvania
74%
Rhode Island
72%
American Samoa
68%
US Virgin Islands
66%
Northern Mariana Islands
44%
Washington DC
44%
No matching quizzes found
Score Distribution
Percent of People with Each Score
Percentile by Number Answered
Your Score History
You have not taken this quiz